Principles of Insurance
Gespeichert in:
| 1. Verfasser: | |
|---|---|
| Format: | Buch |
| Sprache: | Englisch |
| Veröffentlicht: |
Glenview
Scott, Foresman and Co.
1986
|
| Ausgabe: | 2. ed. |
| Schlagworte: | |
| Tags: |
Keine Tags, Fügen Sie das erste Tag hinzu!
|
MARC
| LEADER | 00000nam a2200000 4500 | ||
|---|---|---|---|
| 001 | c009668 | ||
| 005 | 20221207074942.8 | ||
| 020 | |a 0-673-18209-6 | ||
| 041 | 0 | |a eng | |
| 044 | |a US | ||
| 245 | 1 | 0 | |a Principles of Insurance |c George E. Rejda |
| 250 | |a 2. ed. | ||
| 264 | 1 | |a Glenview |b Scott, Foresman and Co. |c 1986 | |
| 300 | |a 698 s. | ||
| 610 | 2 | 0 | |a poistenie |
| 610 | 2 | 0 | |a zmluvy poistné |
| 610 | 2 | 0 | |a poistenie zodpovednostné |
| 610 | 2 | 0 | |a poistenie majetku |
| 610 | 2 | 0 | |a poistenie zdravotné |
| 610 | 2 | 0 | |a poistenie životné |
| 610 | 2 | 0 | |a právo |
| 610 | 2 | 0 | |a riziko |
| 100 | 1 | |a Rejda, George E. | |